Sports Quiz

Random Sports Quiz

Sport by Field/Court Layout Quiz Stats

 Plays Quiz not verified by Sporcle

Score 0/10 Timer 04:00
0 Plays Today
Number Sport % Correct
1.Soccer
92%
6.Baseball
88.9%
2.Basketball
85.4%
8.Football (Gridiron)
85.4%
7.Tennis
83.1%
5.Ice Hockey
78.9%
9.Cricket
59.8%
3.Volleyball
45.2%
10.Field Hockey
29.5%
4.Lacrosse
26.4%

You're not logged in!

Compare scores with friends on all Sporcle quizzes.
OR
Log In

Show Comments

Extras

Created May 9, 2011SourceReportNominate
Tags:court, diagram, field, setup

Top Quizzes Today


Score Distribution

Your Account Isn't Verified!

In order to create a playlist on Sporcle, you need to verify the email address you used during registration. Go to your Sporcle Settings to finish the process.

Report this User

Report this user for behavior that violates our Community Guidelines.

Details: